000 01811nam a2200337 c 4500
003 BLK
005 20180420214114.0
008 180412b bul|||||r ||||||| ||bul||
010 _aKNG00007750000
020 _a954-07-0457-Х
_bиздат.: Унив. изд. Св. Климент Охридски
040 _aBLK
041 _aBUL
_cBUL
080 _aДиференциална геометрия, включваща алгебрични и аналитични методи в геометрията. Кинематична геометрия. Векторна алгебра, векторен анализ, тензорна алгебра и тензорен анализ, геометрия на дифере
_b514.7
_x(075.8)
_z514.7(075.8)
100 1 _aИванова-Каратопраклиева, Иванка Йорданова
_eпърви автор
_9251537
139 _aИванова-Каратопраклиева, Иванка Йорданова
_bИ 22
245 1 0 _aДиферерциална геометрия
_bУчебник за студентите от СУ Св. Климент Охридски
_cИванка Йорданова Иванова-Каратопраклиева.
250 _a2. прераб. изд.
257 _aBGR
260 София
_bУнив. изд. Св. Климент Охридски
_c1994
300 _a432 с.
_bс черт.
_c20 см
380 _a5
500 _a1. изд. 1989 ; 2 000 тир.
650 4 _aДиференциална геометрия - учебници за ВУЗ
_9250587
653 _aгеометрия
653 _aучебници за ВУЗ
852 _aЦб 183237
856 4 _qpdf
_u
856 4 _qpdf
_u
942 _cKNG
_n0
944 _aCR
_c15.01.2003
_kКети_Илиева
944 _aED
_c20.06.2016
_kНора_Радева
999 _c6505
_d6505